Cook's Library: Low Fat : (Record no. 603089)

MARC details
000 -LEADER
fixed length control field 00396nam a2200169 a 4500
008 - FIXED-LENGTH DATA ELEMENTS--GENERAL INFORMATION
fixed length control field 251217s2025##################000#0#eng##
020 ## - INTERNATIONAL STANDARD BOOK NUMBER
ISBN 9780753716298
082 04 - DEWEY DECIMAL CLASSIFICATION NUMBER
Classification number 641.56384
Item number LOW
100 1# - MAIN ENTRY--AUTHOR NAME
Personal name Bounty,
245 10 - TITLE STATEMENT
Title Cook's Library: Low Fat :
300 ## - PHYSICAL DESCRIPTION
Number of Pages 96 pages
942 ## - ADDED ENTRY ELEMENTS (KOHA)
Koha item type English Books
Holdings
Withdrawn status Lost status Damaged status Not for loan Home library Current library Shelving location Date acquired Full call number Accession Number Price effective from Koha item type
        Anna Centenary Library Anna Centenary Library 6TH FLOOR, A WING 17.12.2025 641.56384 LOW 506874 17.12.2025 English Books

Find us on the map